Don't talk to me now, Lord...: (Record no. 4213)

MARC details
000 -LEADER
fixed length control field 00499nam a22001817a 4500
003 - CONTROL NUMBER IDENTIFIER
control field GBCCL
005 - DATE AND TIME OF LATEST TRANSACTION
control field 20241126110513.0
008 - FIXED-LENGTH DATA ELEMENTS--GENERAL INFORMATION
fixed length control field 180116b xxu||||| |||| 00| 0 eng d
020 ## - INTERNATIONAL STANDARD BOOK NUMBER
International Standard Book Number 1852401869
040 ## - CATALOGING SOURCE
Transcribing agency gbc
082 ## - DEWEY DECIMAL CLASSIFICATION NUMBER
Classification number 248.32
Item number SAM
100 ## - MAIN ENTRY--PERSONAL NAME
Personal name Sampson, Steve
9 (RLIN) 7849
245 ## - TITLE STATEMENT
Title Don't talk to me now, Lord...:
Remainder of title I'm trying to Pray /
Statement of responsibility, etc. Steve Sampson
260 ## - PUBLICATION, DISTRIBUTION, ETC.
Name of publisher, distributor, etc. Sovereign World,
Place of publication, distribution, etc. England:
Date of publication, distribution, etc. 1996
300 ## - PHYSICAL DESCRIPTION
Extent 95 p.;
Dimensions 21 cm.
650 ## - SUBJECT ADDED ENTRY--TOPICAL TERM
Topical term or geographic name entry element Prayer
Form subdivision Christian life
9 (RLIN) 8727
942 ## - ADDED ENTRY ELEMENTS (KOHA)
Source of classification or shelving scheme Dewey Decimal Classification
Koha item type Books
Holdings
Withdrawn status Lost status Source of classification or shelving scheme Damaged status Not for loan Home library Current Library Shelving location Date acquired Total checkouts Full call number Barcode Date last seen Copy number Price effective from Koha item type
    Dewey Decimal Classification     GRACE BIBLE COLLEGE GRACE BIBLE COLLEGE Ministry & Mission 2018-01-16   248.32 SAM 007417 2025-05-09 c.1 2018-01-16 Books
    Dewey Decimal Classification     GRACE BIBLE COLLEGE GRACE BIBLE COLLEGE Ministry & Mission 2018-01-16   248.32 SAM 007418 2025-05-01 c.2 2018-01-16 Books
© Grace Bible College Library 2025